|
|
|
|
| LEADER |
00658nam a22001931a 4500 |
| 020 |
|
|
|a 9788131804209
|c 0.00
|
| 040 |
|
|
|a SSUS - Library - Kalady
|
| 082 |
|
|
|a 006.686
|b DIN/P
|
| 100 |
|
|
|a Dinesh Maidasani
|
| 245 |
|
|
|a Straight to the point : Photoshop CS3
|h [Text]
|
| 260 |
|
|
|a New Delhi
|b Firewall Media
|c 2011
|
| 300 |
|
|
|a 184p.
|
| 600 |
|
|
|a Adobe Photoshop
|
| 600 |
|
|
|a Computer Science
|
| 600 |
|
|
|a Photography Digital Techniques
|
| 852 |
|
|
|h 006.686
|i DIN/P
|p 062500
|9 135.00
|t 0
|
| 942 |
|
|
|c BK
|
| 999 |
|
|
|c 44310
|d 44310
|
| 952 |
|
|
|0 0
|1 0
|4 0
|6 006_686000000000000_DIN_P
|7 0
|9 64109
|a SSUS
|b SSUS
|d 2015-01-08
|g 135.00
|o 006.686 DIN/P
|p 062500
|r 2015-01-08
|v 0.00
|w 2015-01-08
|y BK
|